01031 2200325 4500001002100000005001500021035002000036007000300056008004100059020002200100040002200122082001500144084001700159100002000176245006700196300003100263500006900294650002000363700002100383850001200404504003000416264003700446336002100483337002300504338003800527852002000565856007600585990002200661990002200683INLIS00000000086595520211101112653 a0010-1121000036ta211101s2012 yoia es ind d a978-602-8931-95-3 aYOPDYOGbinderda04223a646.72 a646.72 NAB b0 aNabilaepenulis10aBuku panduan cewek pintar /cpenulis, Nabila; penyunting, Olak a1 berkas komputer (6,4 MB) auntuk mengakses buku ini silakan unduh aplikasi http://iJogja.id 4aKecantikan diri0 aOlakepenyunting aYOPDYOG aBibliografi : halaman 19231aYogyakarta :bBuku Pintar,c2012 2rdacontentateks 2rdamediaakomputer 2rdacarrieraSumber sambung jaring8 aaplikasi iJogja40nPerpustakaan digital iJogjauhttp://ijogja.id /publications/books/13906 a004353-EPD/B.2016 a004354-EPD/B.2016